|
|
|
|
| LEADER |
00000nam a2200000 i 4500 |
| 001 |
1/66376 |
| 008 |
990115s1995 eng d |
| 020 |
|
|
|a 1858560349
|
| 035 |
|
|
|l 10047295
|
| 040 |
|
|
|a GR-MY-UA
|b gre
|e aacr
|
| 041 |
0 |
|
|a eng
|
| 082 |
0 |
|
|a 371.077
|
| 100 |
1 |
|
|a Parker-Jenkins, Marie.
|
| 245 |
1 |
0 |
|a Children of Islam :
|b a teacher's guide to meeting the needs of muslim pupils /
|c Marie Parker-Jenkins ; foreword by Mirza Azam Baig ; research assistance by Kaye Haw
|
| 260 |
|
|
|a Stoke-on-Trent :
|b Trentham,
|c 1995
|
| 300 |
|
|
|a 161 p.
|
| 650 |
0 |
0 |
|a Muslim children
|x Education
|z Great Britain.
|
| 650 |
0 |
0 |
|a Islamic education
|z Great Britain.
|
| 650 |
0 |
0 |
|a Multicultural education
|z Great Britain.
|
| 700 |
1 |
|
|a Baig, Mirza Azam.
|4 aui
|
| 700 |
1 |
|
|a Haw, Kaye.
|4 oth
|
| 852 |
|
|
|a INST
|b LESVOS
|e 19990115
|h 371.077 PAR
|p 005100021525
|q 005100021525
|t BK
|y 0
|
| 901 |
|
|
|a BIBL1-2000-2
|
| 909 |
|
|
|a Λ
|b 061036
|
| 922 |
|
|
|a 1ΕΛΗ
|b 199811
|c ΚΠΣ/ΤΚ
|d ΠΑΠΑΣΩΤΗΡΙΟΥ
|
| 950 |
|
|
|a 103-1998-07-27
|
| 970 |
|
|
|z 2000/07/ΔΕΜΕΝΑΓΑΣ
|